Instrumental analytical chemistry (Record no. 222038)

MARC details
000 -LEADER
fixed length control field 02382nam a22002177a 4500
005 - DATE AND TIME OF LATEST TRANSACTION
control field 20220404092200.0
008 - FIXED-LENGTH DATA ELEMENTS--GENERAL INFORMATION
fixed length control field 220326b ||||| |||| 00| 0 eng d
020 ## - INTERNATIONAL STANDARD BOOK NUMBER
International Standard Book Number 9781138196476
040 ## - CATALOGING SOURCE
Transcribing agency AL
041 ## - LANGUAGE CODE
Language code of text/sound track or separate title eng
082 ## - DEWEY DECIMAL CLASSIFICATION NUMBER
Edition number 23
Classification number 543.19
Item number ROBI
100 ## - MAIN ENTRY--PERSONAL NAME
Personal name James Robinson W
9 (RLIN) 26109
245 ## - TITLE STATEMENT
Title Instrumental analytical chemistry
Remainder of title An introduction
260 ## - PUBLICATION, DISTRIBUTION, ETC.
Place of publication, distribution, etc. New York
Name of publisher, distributor, etc. CRC Press
Date of publication, distribution, etc. 2021
300 ## - PHYSICAL DESCRIPTION
Extent xxviii,891p.
Other physical details HB
Dimensions 28.5x21x1cm.
365 ## - TRADE PRICE
Source of price type code General
Price type code 6557
Price amount ₹702.34
Currency code
Unit of pricing ₹900.44
Price note 22%
Price effective from 19-03-2022
520 ## - SUMMARY, ETC.
Summary, etc. Analytical chemistry today is almost entirely instrumental analytical chemistry and it is performed by many scientists and engineers who are not chemists. Analytical instrumentation is crucial to research in molecular biology, medicine, geology, food science, materials science, and many other fields. With the growing sophistication of laboratory equipment, there is a danger that analytical instruments can be regarded as "black boxes" by those using them. The well-known phrase "garbage in, garbage out" holds true for analytical instrumentation as well as computers. This book serves to provide users of analytical instrumentation with an understanding of their instruments.<br/>This book is written to teach undergraduate students and those working in chemical fields outside analytical chemistry how contemporary analytical instrumentation works, as well as its uses and limitations. Mathematics is kept to a minimum. No background in calculus, physics, or physical chemistry is required. The major fields of modern instrumentation are covered, including applications of each type of instrumental technique.<br/>Each chapter includes:<br/>A discussion of the fundamental principles underlying each technique<br/>Detailed descriptions of the instrumentation.<br/>An extensive and up to date bibliography<br/>End of chapter problems<br/>Suggested experiments appropriate to the technique where relevant<br/>This text uniquely combines instrumental analysis with organic spectral interpretation (IR, NMR, and MS). It provides detailed coverage of sampling, sample handling, sample storage, and sample preparation. In addition, the authors have included many instrument manufacturers’ websites, which contain extensive resources.
650 ## - SUBJECT ADDED ENTRY--TOPICAL TERM
Source of heading or term Chemistry
Topical term or geographic name entry element Analytical chemistry
9 (RLIN) 26110
700 ## - ADDED ENTRY--PERSONAL NAME
Personal name Frame, Eileen M Skelly; Frame, George M II
9 (RLIN) 26111
942 ## - ADDED ENTRY ELEMENTS (KOHA)
Source of classification or shelving scheme Dewey Decimal Classification
Koha item type Book
Holdings
Withdrawn status Lost status Source of classification or shelving scheme Damaged status Not for loan Collection code Home library Current library Date acquired Source of acquisition Cost, normal purchase price Total Checkouts Full call number Barcode Date last seen Cost, replacement price Price effective from Koha item type
    Dewey Decimal Classification     Analytical Chemistry St Aloysius PG Library St Aloysius PG Library 03/21/2022 Biblios Book Point 702.34   543.19 ROBI PG023914 08/24/2022 900.44 03/26/2022 Book